[Event "AUT-chT2M 1314"]
[Site "Austria"]
[Date "2014.03.22"]
[Round "7.6"]
[White "Niederwieser, Peter"]
[Black "Perhinig, Robert"]
[Result "1/2-1/2"]
[WhiteElo "2184"]
[BlackElo "2249"]
[PlyCount "56"]
[EventDate "2013.10.04"]
[EventType "team-tourn"]
[EventRounds "11"]
[EventCountry "AUT"]
[SourceTitle "EXT 2015"]
[Source "ChessBase"]
[SourceDate "2014.11.20"]
[SourceVersion "1"]
[SourceVersionDate "2014.11.20"]
[SourceQuality "1"]
[WhiteTeam "Sauwald"]
[BlackTeam "Gleisdorf"]
[WhiteTeamCountry "AUT"]
[BlackTeamCountry "AUT"]

1. d4 Nf6 2. c4 e6 3. Nc3 Bb4 4. Qc2 c5 5. dxc5 0-0 6. a3 Bxc5 7. Bf4 Nh5 8. Bg3 f5 9. e3 b6 10. Be2 Nxg3 11. hxg3 Bb7 12. Nf3 g6 13. 0-0-0 Kg7 14. Nb5 a6 15. Qc3+ Qf6 16. Qxf6+ Kxf6 17. Nd6 Bc6 18. Rxh7 a5 19. Nb5 Na6 20. Nc3 Rh8 21. Rdh1 Rxh7 22. Rxh7 Rc8 23. Nd4 e5 24. Nxc6 dxc6 25. g4 Be7 26. gxf5 gxf5 27. g4 Rc7 28. gxf5 Kxf5 1/2-1/2

[Event "AUT-chT2M 1213"]
[Site "Austria"]
[Date "2013.03.22"]
[Round "6.5"]
[White "Niederwieser, Peter"]
[Black "Obermayr, Hermann"]
[Result "1/2-1/2"]
[WhiteElo "2192"]
[BlackElo "2160"]
[PlyCount "61"]
[EventDate "2012.10.19"]
[EventType "team-tourn"]
[EventRounds "11"]
[EventCountry "AUT"]
[SourceTitle "EXT 2014"]
[Source "ChessBase"]
[SourceDate "2013.11.20"]
[SourceVersion "1"]
[SourceVersionDate "2013.11.20"]
[SourceQuality "1"]
[WhiteTeam "Sauwald"]
[BlackTeam "Grieskirchen/Schallerbach"]
[WhiteTeamCountry "AUT"]
[BlackTeamCountry "AUT"]

1. d4 Nf6 2. c4 c5 3. d5 a6 4. Qc2 b5 5. e4 bxc4 6. Bxc4 d6 7. Nc3 g6 8. Nf3 Bg7 9. 0-0 0-0 10. h3 a5 11. Bf4 Ba6 12. Bxa6 Nxa6 13. Rad1 Nd7 14. Rfe1 Qb8 15. Qe2 Rd8 16. Rd2 Qb6 17. Nb5 Rab8 18. Na3 Nc7 19. Nc4 Qa6 20. Rc1 Nf6 21. Qe3 Rb4 22. Rdc2 a4 23. Nfd2 Rb7 24. Nf3 Nb5 25. Bg5 Nc7 26. Qe1 h6 27. Bd2 Rdb8 28. Bf4 Rb4 29. Bd2 R4b7 30. Bf4 Rb4 31. Bd2 1/2-1/2

[Event "AUT-chT2M 1213"]
[Site "Austria"]
[Date "2012.11.24"]
[Round "4.5"]
[White "Theuretzbacher, Klaus"]
[Black "Niederwieser, Peter"]
[Result "1-0"]
[WhiteElo "2234"]
[BlackElo "2192"]
[PlyCount "73"]
[EventDate "2012.10.19"]
[EventType "team-tourn"]
[EventRounds "11"]
[EventCountry "AUT"]
[SourceTitle "CBM 151 Extra"]
[Source "ChessBase"]
[SourceDate "2012.12.18"]
[SourceVersion "1"]
[SourceVersionDate "2012.12.18"]
[SourceQuality "1"]
[WhiteTeam "St Valentin"]
[BlackTeam "Sauwald"]
[WhiteTeamCountry "AUT"]
[BlackTeamCountry "AUT"]

1. e4 e6 2. Nf3 d5 3. e5 c5 4. b4 cxb4 5. a3 Nh6 6. axb4 Bxb4 7. c3 Be7 8. d4 Nf5 9. g4 Nh4 10. Nxh4 Bxh4 11. Bd3 Nc6 12. 0-0 Bd7 13. f4 Be7 14. f5 Qc7 15. Na3 Na5 16. Nb5 Bxb5 17. Bxb5+ Nc6 18. fxe6 fxe6 19. g5 a6 20. Qg4 Kd7 21. Be2 Nd8 22. Bd2 Rc8 23. c4 dxc4 24. d5 Qc5+ 25. Kh1 Qxd5+ 26. Bf3 Qc5 27. Ra5 Qb6 28. Rd1 Kc7 29. Qxc4+ Kb8 30. Qa2 Nc6 31. Rb1 Qf2 32. Bg2 Rhd8 33. Rxa6 Rxd2 34. Ra8+ Kc7 35. Rxc8+ Kxc8 36. Qa8+ Nb8 37. Qxb7+ 1-0

[Event "AUT-ch"]
[Site "Linz"]
[Date "2011.07.31"]
[Round "9"]
[White "Halvax, Georg"]
[Black "Niederwieser, Peter"]
[Result "1-0"]
[WhiteElo "2322"]
[BlackElo "2188"]
[PlyCount "65"]
[EventDate "2011.07.23"]
[EventType "swiss"]
[EventRounds "9"]
[EventCountry "AUT"]
[SourceTitle "CBM 143 Extra"]
[Source "ChessBase"]
[SourceDate "2011.08.29"]
[SourceVersion "1"]
[SourceVersionDate "2011.08.29"]
[SourceQuality "1"]

1. e4 e6 2. d4 d5 3. Nc3 Bb4 4. e5 c5 5. a3 Bxc3+ 6. bxc3 Ne7 7. Qg4 Qc7 8. Qxg7 Rg8 9. Qxh7 cxd4 10. Ne2 Nbc6 11. f4 dxc3 12. Qd3 Nf5 13. h3 d4 14. g4 Nh4 15. Qh7 Nf3+ 16. Kf2 Ne7 17. Kxf3 b6 18. Kf2 Bb7 19. Rg1 Rg6 20. h4 Qc5 21. h5 Nd5 22. Ke1 d3 23. cxd3 0-0-0 24. hxg6 Ne3 25. Bxe3 Qxe3 26. g7 Bf3 27. Rg3 Qd2+ 28. Kf2 Bxe2 29. Bxe2 Qxf4+ 30. Kg2 c2 31. g8Q Rxg8 32. Qxg8+ Kc7 33. Rf3 1-0

[Event "AUT-ch"]
[Site "Linz"]
[Date "2011.07.25"]
[Round "3"]
[White "Niederwieser, Peter"]
[Black "Wegerer, Josef"]
[Result "1-0"]
[WhiteElo "2188"]
[BlackElo "2082"]
[PlyCount "35"]
[EventDate "2011.07.23"]
[EventType "swiss"]
[EventRounds "9"]
[EventCountry "AUT"]
[SourceTitle "CBM 143 Extra"]
[Source "ChessBase"]
[SourceDate "2011.08.29"]
[SourceVersion "1"]
[SourceVersionDate "2011.08.29"]
[SourceQuality "1"]

1. d4 d5 2. c4 c6 3. Nc3 Nf6 4. e3 e6 5. Nf3 Nbd7 6. Qc2 Bd6 7. b3 0-0 8. Be2 b6 9. 0-0 Bb7 10. Bb2 Qe7 11. Rad1 Rac8 12. Rfe1 Rfd8 13. e4 dxe4 14. Nxe4 Nxe4 15. Qxe4 Bb4 16. Rf1 Nf6 17. Qh4 Nd5 18. cxd5 1-0

[Event "AUT-chT2M 1011"]
[Site "Austria"]
[Date "2010.11.27"]
[Round "4"]
[White "Schink, Barbara"]
[Black "Niederwieser, Peter"]
[Result "0-1"]
[WhiteElo "2025"]
[BlackElo "2194"]
[PlyCount "58"]
[EventDate "2010.10.16"]
[EventType "team-tourn"]
[EventRounds "11"]
[EventCountry "AUT"]
[SourceTitle "EXT 2012"]
[Source "ChessBase"]
[SourceDate "2011.11.24"]
[SourceVersion "1"]
[SourceVersionDate "2011.11.24"]
[SourceQuality "1"]
[WhiteTeam "Graz Strassenbahn"]
[BlackTeam "Sauwald"]
[WhiteTeamCountry "AUT"]
[BlackTeamCountry "AUT"]

1. e4 e6 2. d4 d5 3. Nc3 Nf6 4. e5 Nfd7 5. f4 c5 6. Nf3 Nc6 7. Be3 cxd4 8. Nxd4 Bc5 9. Qd2 0-0 10. 0-0-0 a6 11. Kb1 Nxd4 12. Bxd4 b5 13. Ne2 a5 14. h4 b4 15. h5 Ba6 16. Rh3 Qc7 17. Rg3 Rfc8 18. Rc1 Bf8 19. Rf3 a4 20. g4 Bc5 21. g5 Qb6 22. Bxc5 Nxc5 23. Ng3 Bxf1 24. Rfxf1 b3 25. cxb3 axb3 26. a3 Qb5 27. Rf3 Ra4 28. Ne2 Rc4 29. Nd4 Ne4 0-1

[Event "AUT-chT2M 0910"]
[Site "Austria"]
[Date "2010.04.18"]
[Round "11.6"]
[White "Niederwieser, Peter"]
[Black "Teuschler, Hugo"]
[Result "1-0"]
[WhiteElo "2173"]
[BlackElo "2067"]
[PlyCount "141"]
[EventDate "2009.10.10"]
[EventType "team-tourn"]
[EventRounds "11"]
[EventCountry "AUT"]
[SourceTitle "EXT 2011"]
[Source "ChessBase"]
[SourceDate "2010.11.26"]
[SourceVersion "1"]
[SourceVersionDate "2010.11.26"]
[SourceQuality "1"]
[WhiteTeam "Sauwald"]
[BlackTeam "Graz Strassenbahn"]
[WhiteTeamCountry "AUT"]
[BlackTeamCountry "AUT"]

1. d4 d5 2. c4 e6 3. Nc3 Nf6 4. cxd5 exd5 5. Bg5 Be7 6. e3 c6 7. Bd3 Nbd7 8. Qc2 g6 9. 0-0-0 Nb6 10. Kb1 Nh5 11. Bxe7 Qxe7 12. h3 Be6 13. Nf3 0-0-0 14. Na4 Nxa4 15. Qxa4 Kb8 16. Rc1 Ng7 17. g4 h5 18. Ne5 hxg4 19. hxg4 Rxh1 20. Rxh1 Ne8 21. Qb3 Ka8 22. a4 Nd6 23. Qb4 Qc7 24. a5 f6 25. Nxg6 Bxg4 26. Nf4 Rb8 27. Rh7 Qd8 28. f3 Bc8 29. Qc5 Nf5 30. a6 Qb6 31. axb7+ Rxb7 32. Qxb6 axb6 33. Rh8 Rb8 34. Rxc8 Rxc8 35. Bxf5 Rh8 36. Kc2 Kb7 37. Kc3 Kc7 38. b4 Kd6 39. Bd3 c5 40. bxc5+ bxc5 41. dxc5+ Kxc5 42. Bc2 Re8 43. Nd3+ Kd6 44. Kd4 Rb8 45. Ba4 Rb7 46. Bd1 Rb1 47. Bc2 Rb8 48. f4 Re8 49. Nb4 Rc8 50. Bb3 Rb8 51. Kc3 Rc8+ 52. Kd4 Rb8 53. Kc3 Rc8+ 54. Kb2 d4 55. exd4 Re8 56. Kc3 Re3+ 57. Nd3 Rf3 58. d5 Re3 59. Kd4 Re2 60. Bc4 Re8 61. Bb3 Re2 62. Bd1 Re8 63. Bf3 Re7 64. Be4 Rb7 65. Bf5 Rc7 66. Be6 Rc2 67. Ke4 Rd2 68. Nb4 Kc5 69. Nc6 Rf2 70. Ne7 Kd6 71. Ng6 1-0

[Event "AUT-chT2M 0910"]
[Site "Austria"]
[Date "2010.02.28"]
[Round "8.3"]
[White "Niederwieser, Peter"]
[Black "Kotz, Heinz Peter"]
[Result "0-1"]
[WhiteElo "2173"]
[BlackElo "2332"]
[PlyCount "52"]
[EventDate "2009.10.10"]
[EventType "team-tourn"]
[EventRounds "11"]
[EventCountry "AUT"]
[SourceTitle "EXT 2011"]
[Source "ChessBase"]
[SourceDate "2010.11.26"]
[SourceVersion "1"]
[SourceVersionDate "2010.11.26"]
[SourceQuality "1"]
[WhiteTeam "Sauwald"]
[BlackTeam "Graz Austria"]
[WhiteTeamCountry "AUT"]
[BlackTeamCountry "AUT"]

1. d4 Nf6 2. c4 g6 3. Nc3 Bg7 4. e4 d6 5. Nf3 0-0 6. Be2 Na6 7. 0-0 e5 8. Qc2 Qe8 9. d5 Nh5 10. Rb1 f5 11. b4 Nf4 12. Bd1 Bd7 13. g3 g5 14. Nd2 g4 15. c5 Qh5 16. Re1 Qg5 17. Nc4 Rf6 18. cxd6 Rh6 19. Ne3 Qh5 20. Nf1 cxd6 21. b5 Nc7 22. Ne2 Bxb5 23. Rxb5 Nxb5 24. Qb3 Nh3+ 25. Kh1 f4 26. Qxb5 f3 0-1

[Event "AUT-chT2M 0910"]
[Site "Austria"]
[Date "2010.01.31"]
[Round "6.6"]
[White "Hafner, Robert"]
[Black "Niederwieser, Peter"]
[Result "0-1"]
[WhiteElo "2110"]
[BlackElo "2173"]
[PlyCount "104"]
[EventDate "2009.10.10"]
[EventType "team-tourn"]
[EventRounds "11"]
[EventCountry "AUT"]
[SourceTitle "EXT 2011"]
[Source "ChessBase"]
[SourceDate "2010.11.26"]
[SourceVersion "1"]
[SourceVersionDate "2010.11.26"]
[SourceQuality "1"]
[WhiteTeam "Villach Admira"]
[BlackTeam "Sauwald"]
[WhiteTeamCountry "AUT"]
[BlackTeamCountry "AUT"]

1. d4 d5 2. c4 c6 3. Nf3 Nf6 4. Nc3 a6 5. e3 b5 6. b3 Bg4 7. Be2 e6 8. 0-0 Bd6 9. Bb2 Nbd7 10. h3 Bh5 11. Ne5 Bxe2 12. Nxe2 Qc7 13. Nxd7 Qxd7 14. Qc2 0-0 15. Rfd1 Rab8 16. Rab1 h6 17. Nc1 Ne4 18. Nd3 f5 19. f3 Ng3 20. Ne5 Bxe5 21. dxe5 Qf7 22. cxd5 cxd5 23. Qf2 f4 24. exf4 Qxf4 25. Rd4 Qf5 26. Re1 Ne4 27. Qe2 Nc5 28. Rd2 Rfc8 29. Rc1 Nd7 30. Rdc2 Qf8 31. Bd4 Qd8 32. Rc6 Rxc6 33. Rxc6 Rc8 34. Rxe6 Rc1+ 35. Kh2 Qh4 36. Bf2 Qf4+ 37. Bg3 Qd4 38. Bf2 Qf4+ 39. g3 Qf5 40. Rd6 Rc2 41. Qe3 Nxe5 42. Kg1 Nxf3+ 43. Kg2 Ng5 44. Rd8+ Kh7 45. g4 Qe4+ 46. Kg3 Re2 47. Qc3 Qe7 48. Qc8 Ne4+ 49. Kg2 Rxf2+ 50. Kg1 Qe5 51. Rh8+ Kg6 52. Qc6+ Rf6 0-1

[Event "AUT-chT2M 0607"]
[Site "Austria"]
[Date "2007.01.27"]
[Round "6.5"]
[White "Mittermayr, Gerhard"]
[Black "Niederwieser, Peter"]
[Result "0-1"]
[WhiteElo "2178"]
[BlackElo "2162"]
[PlyCount "78"]
[EventDate "2006.10.28"]
[EventType "team-tourn"]
[EventRounds "11"]
[EventCountry "AUT"]
[SourceTitle "EXT 2007"]
[Source "ChessBase"]
[SourceDate "2006.11.23"]
[SourceVersion "1"]
[SourceVersionDate "2006.11.23"]
[SourceQuality "1"]
[WhiteTeam "Ansfelden"]
[BlackTeam "Sauwald"]
[WhiteTeamCountry "AUT"]
[BlackTeamCountry "AUT"]

1. e4 e6 2. d4 d5 3. Nd2 Nf6 4. e5 Nfd7 5. Bd3 c5 6. c3 Nc6 7. Ne2 cxd4 8. cxd4 f6 9. Nf4 Nxd4 10. Qh5+ Ke7 11. Ng6+ hxg6 12. exf6+ Kxf6 13. Qxh8 Kf7 14. f4 Nc5 15. Bb1 Bd7 16. Qh7 Qf6 17. 0-0 Bb5 18. Nf3 Nxf3+ 19. Rxf3 Qd4+ 20. Be3 Qd1+ 21. Kf2 Qe2+ 22. Kg3 Ne4+ 23. Bxe4 dxe4 24. f5 Bd6+ 25. Kh3 exf5 26. Rxf5+ gxf5 27. Qxf5+ Kg8 28. Qe6+ Kh8 29. Bg5 Qh5+ 30. Bh4 Qe5 31. Qxe5 Bxe5 32. Rc1 Bd7+ 33. g4 Rc8 34. Re1 Rc4 35. Rd1 Rd4 36. Rc1 e3 37. Rg1 e2 38. Be1 g5 39. Bc3 Rd3+ 0-1

[Event "AUT-chT2M 0607"]
[Site "Austria"]
[Date "2006.11.25"]
[Round "3.5"]
[White "Wanderer, Thomas"]
[Black "Niederwieser, Peter"]
[Result "1/2-1/2"]
[WhiteElo "2206"]
[BlackElo "2162"]
[PlyCount "93"]
[EventDate "2006.10.28"]
[EventType "team-tourn"]
[EventRounds "11"]
[EventCountry "AUT"]
[SourceTitle "EXT 2007"]
[Source "ChessBase"]
[SourceDate "2006.11.23"]
[SourceVersion "1"]
[SourceVersionDate "2006.11.23"]
[SourceQuality "1"]
[WhiteTeam "Gleisdorf"]
[BlackTeam "Sauwald"]
[WhiteTeamCountry "AUT"]
[BlackTeamCountry "AUT"]

1. e4 c5 2. Nc3 e6 3. Nge2 Nf6 4. h3 d5 5. exd5 exd5 6. d4 Nc6 7. Be3 cxd4 8. Nxd4 Bb4 9. Bb5 Qd6 10. 0-0 0-0 11. Nce2 Be6 12. Nb3 Qe7 13. Bg5 h6 14. Bh4 Qd8 15. Nbd4 Nxd4 16. Nxd4 Be7 17. Re1 Ne4 18. Bxe7 Qxe7 19. Qe2 Qf6 20. Rad1 Rad8 21. c3 Bd7 22. Bxd7 Rxd7 23. Qf3 Rfd8 24. Qxf6 Nxf6 25. Re5 g6 26. Nc2 Kf8 27. Rd4 Re7 28. Rxe7 Kxe7 29. f3 Ke6 30. Kf2 Rd6 31. Rb4 Rd7 32. a4 b6 33. Rb5 Rc7 34. a5 Rc5 35. Nd4+ Kd7 36. a6 Ne8 37. Rxc5 bxc5 38. Nb5 Nc7 39. Nxa7 Nxa6 40. Ke3 Ke6 41. Nc6 Kd6 42. Nd8 Ke7 43. Nb7 Kd7 44. Kf4 Ke7 45. Na5 Kd6 46. Nb7+ Kc7 47. Na5 1/2-1/2

[Event "AUT-chT2M 0607"]
[Site "Austria"]
[Date "2006.10.28"]
[Round "1.5"]
[White "Niederwieser, Peter"]
[Black "Lako, Laszlo"]
[Result "1/2-1/2"]
[WhiteElo "2162"]
[BlackElo "2179"]
[PlyCount "45"]
[EventDate "2006.10.28"]
[EventType "team-tourn"]
[EventRounds "11"]
[EventCountry "AUT"]
[SourceTitle "EXT 2007"]
[Source "ChessBase"]
[SourceDate "2006.11.23"]
[SourceVersion "1"]
[SourceVersionDate "2006.11.23"]
[SourceQuality "1"]
[WhiteTeam "Sauwald"]
[BlackTeam "Maria Saal"]
[WhiteTeamCountry "AUT"]
[BlackTeamCountry "AUT"]

1. d4 Nf6 2. c4 c5 3. d5 b5 4. Nf3 Bb7 5. g3 g6 6. Bg2 Bg7 7. 0-0 d6 8. a4 bxc4 9. Nc3 Nbd7 10. a5 Ba6 11. h3 0-0 12. Re1 Rb8 13. e4 Ne8 14. Ra2 Nc7 15. Bf4 Nb5 16. e5 Qc7 17. exd6 exd6 18. Ne4 Rfe8 19. Bf1 Nf6 20. Nxf6+ Bxf6 21. Rxe8+ Rxe8 22. Qa4 Rb8 23. Bxc4 1/2-1/2

[Event "AUT-chT2O 0506"]
[Site "Austria"]
[Date "2006.03.18"]
[Round "10.6"]
[White "Niederwieser, Peter"]
[Black "Petschar, Hans"]
[Result "1-0"]
[WhiteElo "2172"]
[BlackElo "2100"]
[PlyCount "63"]
[EventDate "2005.11.19"]
[EventType "team"]
[EventRounds "11"]
[EventCountry "AUT"]
[SourceTitle "EXT 2006"]
[Source "ChessBase"]
[SourceDate "2005.11.24"]
[SourceVersion "1"]
[SourceVersionDate "2005.11.24"]
[SourceQuality "1"]
[WhiteTeam "Waehring"]
[BlackTeam "Tschaturanga"]
[WhiteTeamCountry "AUT"]
[BlackTeamCountry "AUT"]

1. d4 d6 2. c4 g6 3. e4 Bg7 4. Nc3 e5 5. dxe5 dxe5 6. Qxd8+ Kxd8 7. f4 Be6 8. Nf3 Nc6 9. fxe5 Nxe5 10. Bf4 Nxf3+ 11. gxf3 Bxc3+ 12. bxc3 Ne7 13. h4 h5 14. Rh2 Kc8 15. c5 Nc6 16. Rb1 Na5 17. Rhb2 a6 18. Be5 Rd8 19. Bf6 Kd7 20. Rb4 Rdc8 21. f4 Nc6 22. R1b2 Na5 23. Bg2 Kc6 24. Rd2 Nc4 25. e5+ Kxc5 26. Be7+ Nd6 27. exd6 Re8 28. Rxb7 Rac8 29. Kd1 cxd6 30. Bxd6+ Kc4 31. Bf1+ Kxc3 32. Be5# 1-0

[Event "AUT-chT2O 0506"]
[Site "Austria"]
[Date "2006.02.26"]
[Round "9.2"]
[White "Galavics, Hermann"]
[Black "Niederwieser, Peter"]
[Result "1-0"]
[WhiteElo "2099"]
[BlackElo "2172"]
[PlyCount "79"]
[EventDate "2005.11.19"]
[EventType "team"]
[EventRounds "11"]
[EventCountry "AUT"]
[SourceTitle "EXT 2006"]
[Source "ChessBase"]
[SourceDate "2005.11.24"]
[SourceVersion "1"]
[SourceVersionDate "2005.11.24"]
[SourceQuality "1"]
[WhiteTeam "Lackenbach"]
[BlackTeam "Waehring"]
[WhiteTeamCountry "AUT"]
[BlackTeamCountry "AUT"]

1. d4 d5 2. c4 c6 3. cxd5 cxd5 4. Nc3 Nf6 5. Bf4 Nc6 6. e3 a6 7. Bd3 Bg4 8. Nge2 e6 9. 0-0 Be7 10. Rc1 0-0 11. f3 Bh5 12. a3 Rc8 13. b4 b5 14. Bg3 Bg6 15. Nf4 Bxd3 16. Nxd3 Nd7 17. Nc5 Nb6 18. Nxa6 Nc4 19. Qe2 Qb6 20. Nc5 Rfd8 21. Nb1 Ra8 22. Rc3 Ra7 23. f4 g6 24. Bf2 Rda8 25. Qd3 Qd8 26. Kh1 h5 27. Nxe6 fxe6 28. Qxg6+ Kf8 29. f5 Bf6 30. Bh4 e5 31. Bxf6 Qd6 32. Bxe5 N6xe5 33. Qxd6+ Nxd6 34. dxe5 Nc4 35. e6 Ke7 36. h3 Kf6 37. Rf4 Rg7 38. Rd3 Rc8 39. Nc3 Nb6 40. Rf2 1-0

[Event "AUT-chT2O 0506"]
[Site "Austria"]
[Date "2005.10.09"]
[Round "2.2"]
[White "Niederwieser, Peter"]
[Black "Rogetzer, Klaus"]
[Result "1-0"]
[WhiteElo "2172"]
[BlackElo "2141"]
[PlyCount "48"]
[EventDate "2005.11.19"]
[EventType "team"]
[EventRounds "11"]
[EventCountry "AUT"]
[SourceTitle "EXT 2006"]
[Source "ChessBase"]
[SourceDate "2005.11.24"]
[SourceVersion "1"]
[SourceVersionDate "2005.11.24"]
[SourceQuality "1"]
[WhiteTeam "Waehring"]
[BlackTeam "Wien Austria"]
[WhiteTeamCountry "AUT"]
[BlackTeamCountry "AUT"]

1. d4 Nf6 2. c4 g6 3. Nc3 Bg7 4. e4 d6 5. Nf3 0-0 6. Be2 e5 7. 0-0 exd4 8. Nxd4 Re8 9. f3 Nc6 10. Be3 Nh5 11. Qd2 Nxd4 12. Bxd4 Nf4 13. Rfd1 Qg5 14. Bf1 Bxd4+ 15. Qxd4 Bd7 16. Nd5 Nxd5 17. cxd5 f5 18. exf5 Bxf5 19. Rac1 Re7 20. Rc3 Rae8 21. Rdc1 Rc8 22. Qxa7 Qd2 23. Qf2 Qxf2+ 24. Kxf2 Kg7 1-0

[Event "AUT-ch qual"]
[Site "Gmunden"]
[Date "2005.08.20"]
[Round "8"]
[White "Niederwieser, Peter"]
[Black "Zoebisch, Herbert"]
[Result "1/2-1/2"]
[WhiteElo "2181"]
[BlackElo "2213"]
[PlyCount "46"]
[EventDate "2005.08.13"]
[EventType "swiss"]
[EventRounds "9"]
[EventCountry "AUT"]
[SourceTitle "CBM 107 Extra"]
[Source "ChessBase"]
[SourceDate "2005.09.01"]
[SourceVersion "1"]
[SourceVersionDate "2005.09.01"]
[SourceQuality "1"]

1. d4 d5 2. c4 dxc4 3. e4 e5 4. Nf3 exd4 5. Bxc4 Bb4+ 6. Nbd2 Nc6 7. 0-0 Nf6 8. e5 Nd5 9. Nb3 Nb6 10. Bg5 Be7 11. Bxe7 Qxe7 12. Bb5 Bd7 13. Bxc6 Bxc6 14. Nfxd4 Bd5 15. Qg4 0-0 16. f4 g6 17. Rae1 f5 18. exf6 Qxf6 19. f5 Bc4 20. Rf3 Bd5 21. Rff1 Bc4 22. Rf3 Bd5 23. Rff1 Bc4 1/2-1/2

[Event "AUT-ch qual"]
[Site "Gmunden"]
[Date "2005.08.18"]
[Round "6"]
[White "Niederwieser, Peter"]
[Black "Breneis, Lukas"]
[Result "1/2-1/2"]
[WhiteElo "2181"]
[BlackElo "2090"]
[PlyCount "44"]
[EventDate "2005.08.13"]
[EventType "swiss"]
[EventRounds "9"]
[EventCountry "AUT"]
[SourceTitle "CBM 107 Extra"]
[Source "ChessBase"]
[SourceDate "2005.09.01"]
[SourceVersion "1"]
[SourceVersionDate "2005.09.01"]
[SourceQuality "1"]

1. d4 Nf6 2. c4 g6 3. Nc3 Bg7 4. e4 d6 5. Nf3 0-0 6. h3 e5 7. d5 Na6 8. Be3 Nh5 9. Nd2 Qe8 10. Nb3 f5 11. c5 fxe4 12. cxd6 cxd6 13. Nxe4 Qe7 14. g3 Bf5 15. Nbd2 Nf4 16. Qb3 Kh8 17. 0-0-0 Rfc8+ 18. Kb1 Nxd5 19. Qxd5 Nc7 20. Qb3 d5 21. g4 Bxe4+ 22. Nxe4 dxe4 1/2-1/2

[Event "AUT-ch qual"]
[Site "Gmunden"]
[Date "2005.08.15"]
[Round "3"]
[White "Frosch, Ronald"]
[Black "Niederwieser, Peter"]
[Result "1-0"]
[WhiteElo "2238"]
[BlackElo "2181"]
[PlyCount "29"]
[EventDate "2005.08.13"]
[EventType "swiss"]
[EventRounds "9"]
[EventCountry "AUT"]
[SourceTitle "CBM 107 Extra"]
[Source "ChessBase"]
[SourceDate "2005.09.01"]
[SourceVersion "1"]
[SourceVersionDate "2005.09.01"]
[SourceQuality "1"]

1. d4 d5 2. Nf3 Nf6 3. e3 c5 4. c3 e6 5. Bd3 Nc6 6. 0-0 Bd6 7. Nbd2 0-0 8. Qe2 Qc7 9. dxc5 Bxc5 10. e4 e5 11. h3 h6 12. Kh1 Be6 13. g4 Nh7 14. exd5 e4 15. Bxe4 1-0

[Event "AUT-ch qual"]
[Site "Gmunden"]
[Date "2005.08.14"]
[Round "2"]
[White "Niederwieser, Peter"]
[Black "Kilgus, Georg"]
[Result "0-1"]
[WhiteElo "2181"]
[BlackElo "2348"]
[PlyCount "54"]
[EventDate "2005.08.13"]
[EventType "swiss"]
[EventRounds "9"]
[EventCountry "AUT"]
[SourceTitle "CBM 107 Extra"]
[Source "ChessBase"]
[SourceDate "2005.09.01"]
[SourceVersion "1"]
[SourceVersionDate "2005.09.01"]
[SourceQuality "1"]

1. d4 Nf6 2. c4 e6 3. Nc3 Bb4 4. Qc2 c5 5. dxc5 0-0 6. a3 Bxc5 7. Bf4 Nh5 8. Bd2 b6 9. Nf3 Bb7 10. e4 Nc6 11. Be2 Nf6 12. 0-0 Nd4 13. Nxd4 Bxd4 14. Bd3 Ng4 15. Nb5 Bc5 16. Bf4 Qf6 17. Bg3 h5 18. Be2 a6 19. b4 Bxf2+ 20. Kh1 Ne3 21. Qa2 Nxf1 22. Rxf1 axb5 23. Bxf2 Bxe4 24. Bxb6 Qg5 25. Bf3 Bxf3 26. Rxf3 Qc1+ 27. Bg1 bxc4 0-1

[Event "AUT-chT2M 0405"]
[Site "Austria"]
[Date "2004.11.27"]
[Round "3.3"]
[White "Supancic, Darko"]
[Black "Niederwieser, Peter"]
[Result "1-0"]
[WhiteElo "2372"]
[BlackElo "2186"]
[PlyCount "115"]
[EventDate "2004.10.16"]
[EventType "team-tourn"]
[EventRounds "11"]
[EventCountry "AUT"]
[SourceTitle "EXT 2005"]
[Source "ChessBase"]
[SourceDate "2004.11.15"]
[SourceVersion "1"]
[SourceVersionDate "2004.11.15"]
[SourceQuality "1"]
[WhiteTeam "Graz Strassenbahn"]
[BlackTeam "Wartberg/Aist"]
[WhiteTeamCountry "AUT"]
[BlackTeamCountry "AUT"]

1. Nf3 d5 2. d4 Nf6 3. Bf4 c5 4. c3 cxd4 5. cxd4 Qb6 6. Qc1 Nc6 7. e3 Bf5 8. Nc3 Rc8 9. Be2 e6 10. 0-0 Be7 11. a3 0-0 12. Na4 Qd8 13. Qd1 Ne4 14. b4 g5 15. Bg3 h5 16. h3 g4 17. hxg4 hxg4 18. Nh2 Nxg3 19. fxg3 Bg5 20. Qd2 Qd6 21. Rf4 Bxf4 22. gxf4 Ne7 23. Nxg4 Bxg4 24. Bxg4 Qc6 25. Nc5 b6 26. b5 Qd6 27. Nd3 f6 28. Qf2 Rf7 29. Nb4 Rg7 30. Bf3 Rc3 31. Qd2 Rc7 32. Kf2 Qd7 33. Qd3 Rc4 34. Rh1 Qxb5 35. Be2 Qd7 36. Rh6 f5 37. Qd1 Rc7 38. Qh1 Ng6 39. Qh5 Qf7 40. Nd3 Kf8 41. Qg5 Ne7 42. Qh4 Ng8 43. Rh8 Qe7 44. Qh6 Ke8 45. Ne5 Kd8 46. g4 fxg4 47. Nxg4 Rc8 48. Qh5 Kc7 49. Ba6 Rd8 50. Qe5+ Rd6 51. Kf3 b5 52. Bxb5 Kb6 53. Bd3 Rd8 54. Rh2 Kb7 55. Rb2+ Ka8 56. Ba6 Qc7 57. Bb7+ Kb8 58. Bxd5+ 1-0

[Event "Werfen op-A"]
[Site "Werfen"]
[Date "1996.??.??"]
[Round "1"]
[White "Niederwieser, Peter"]
[Black "Brglez, Rado"]
[Result "1-0"]
[WhiteElo "1925"]
[BlackElo "2280"]
[PlyCount "72"]
[EventDate "1996.08.??"]
[EventType "swiss"]
[EventRounds "9"]
[EventCountry "AUT"]
[SourceTitle "EXT 2000"]
[Source "ChessBase"]
[SourceDate "1999.11.16"]
[SourceVersion "1"]
[SourceVersionDate "1999.11.16"]
[SourceQuality "1"]

1. d4 Nf6 2. c4 e6 3. Nc3 Bb4 4. Qc2 c5 5. dxc5 Bxc5 6. Bf4 0-0 7. Nf3 Nc6 8. e3 d5 9. a3 dxc4 10. Bxc4 Bd7 11. 0-0-0 Rc8 12. Ba2 b5 13. Kb1 Be7 14. Bd6 b4 15. Ne4 Nxe4 16. Qxe4 bxa3 17. Qd3 Bxd6 18. Qxd6 Qf6 19. Qxa3 Rfd8 20. Qc3 Qxc3 21. bxc3 Kf8 22. Rd2 Be8 23. Rhd1 Rxd2 24. Rxd2 Ke7 25. Nd4 Ne5 26. Rb2 Rc7 27. h3 Nd3 28. Rd2 Rxc3 29. Bc4 Rxc4 30. Rxd3 a5 31. Kb2 Bd7 32. Nb3 Rb4 33. Ka3 Ra4+ 34. Kb2 Rb4 35. Ka3 Ra4+ 36. Kb2 Bb5 1-0